Normal view
MARC view
- Ross, Stan
Entry Personal Name
001 - CONTROL NUMBER
- control field: 100288
003 - CONTROL NUMBER IDENTIFIER
- control field: NUST
005 - DATE AND TIME OF LATEST TRANSACTION
- control field: 20221014105539.0
008 - FIXED-LENGTH DATA ELEMENTS
- fixed length control field: 221014|| aca||aabn | a|a d
040 ## - CATALOGING SOURCE
- Original cataloging agency: NUST
- Transcribing agency: NUST
100 ## - HEADING--PERSONAL NAME
- Personal name: Ross, Stan
670 ## - SOURCE DATA FOUND
- Source citation: Work cat.: (NUST)193504: Ross, Stan , The World of Drafting /, 1971
